000 00437nam a22001691a 4500
003 NEGST
005 20110718133836.0
008 030618s1964 001 0 eng d
100 1 _aAluko, T M,
_d1918-
245 1 0 _aOne man, one matchet /.
260 _aLondon :
_bHeinemann,
_cc1964.
300 _a196p.
440 0 _aAfrican writers series ;
_v11
590 _aAccession number: 21269
650 0 _aAfrican fiction.
999 _c42657
_d42633